000 00512nam a2200193 a 4500
001 1774866810399
003 YourLibrary
005 20260330160638.0
008 260330s1995##################000#0#eng##
020 _a9780262660952
082 0 4 _a336.200973
_bPOT
100 1 _aPoterba, James M.,
_eauthor.
245 1 0 _aTax Policy and the Economy, 13 :
260 _bMIT Press,
_c1995.
300 _a196 pages
650 0 _aBusiness & Economics.
942 _cENGLISH
040 _aYourLibrary
_beng
_cYourLibrary
999 _c618483
_d618483